000 00562nam a2200181Ia 4500
008 100920s9999 xx 000 0 und d
082 _b83868
_a891.464 न 03
100 _aकलंदर.
245 _aआणखी कानोकानी.
260 _bरोहन प्रकाशन, मुंबई.
_c2003
300 _a168
_bसाधी
365 _b100
520 _aनिबंध.
630 _aआणखी कानोकानी.
650 _aनिबंध.
730 _aआणखी कानोकानी.
942 _cBOOK
999 _c724471
_d724468